skbl

Dr Suryya Kumar Bhuyan Library Web-OPAC
ডঃ সূৰ্য্য
কুমাৰ ভূঞা পুথিভঁৰাল ৱেব-অ'পেক

All Research Scholars are advised to clear the annual library fees to continue using Library Resources, Remote Access, Plagiarism Test and Library Clearance.

Cotton University Book Fair 2026

Social Psychology: Understanding Human Interaction / (Record no. 8638)

MARC details
000 -LEADER
fixed length control field 00852nam a2200301Ia 4500
001 - CONTROL NUMBER
control field 8651
005 - DATE AND TIME OF LATEST TRANSACTION
control field 20240113234126.0
007 - PHYSICAL DESCRIPTION FIXED FIELD--GENERAL INFORMATION
fixed length control field ta
008 - FIXED-LENGTH DATA ELEMENTS--GENERAL INFORMATION
fixed length control field 050720s1991 a g b000 u eng u
020 ## - INTERNATIONAL STANDARD BOOK NUMBER
International Standard Book Number 0-87692-791-6
040 ## - CATALOGING SOURCE
Original cataloging agency Cotton College Assam
041 ## - LANGUAGE CODE
Language code of text/sound track or separate title eng
082 ## - DEWEY DECIMAL CLASSIFICATION NUMBER
Classification number 370.15
Item number Ba 23 So
100 ## - MAIN ENTRY--PERSONAL NAME
Personal name Brown , Robert A. .
245 #0 - TITLE STATEMENT
Title Social Psychology: Understanding Human Interaction /
Statement of responsibility, etc. Robert A. Brown & Donn Byrne.
Medium Textual Documents
250 ## - EDITION STATEMENT
Edition statement 6th ed /
260 ## - PUBLICATION, DISTRIBUTION, ETC.
Place of publication, distribution, etc. New Delhi :
Name of publisher, distributor, etc. Prentice-Hall of India(Pvt Ltd) ,
Date of publication, distribution, etc. 1991.
300 ## - PHYSICAL DESCRIPTION
Extent xviii,707p. :
Other physical details ill. ;
Dimensions 23cm. .
504 ## - BIBLIOGRAPHY, ETC. NOTE
Bibliography, etc. note Index
653 ## - INDEX TERM--UNCONTROLLED
Uncontrolled term Education
653 ## - INDEX TERM--UNCONTROLLED
Uncontrolled term Social Psychology-Human Interaction
653 ## - INDEX TERM--UNCONTROLLED
Uncontrolled term Human Interaction
700 ## - ADDED ENTRY--PERSONAL NAME
Personal name Byrne, Donn.
942 ## - ADDED ENTRY ELEMENTS (KOHA)
Source of classification or shelving scheme Dewey Decimal Classification
Koha item type Books
Holdings
Withdrawn status Lost status Damaged status Not for loan Collection Home library Current library Date acquired Coded location qualifier Total checkouts Full call number Barcode Date last seen Copy number Price effective from Koha item type
          Dr. Suryya Kumar Bhuyan Library Dr. Suryya Kumar Bhuyan Library 01/02/2012 00000   370.15 Ba 23 So 87648 13/01/2024 1 01/02/2012 Books
          Dr. Suryya Kumar Bhuyan Library Dr. Suryya Kumar Bhuyan Library 01/02/2012 00000   370.15 Ba 23 So 87647 13/01/2024 2 01/02/2012 Books

Designed and Maintained by Team SKBL
©1901-2026

Powered by Koha